00516nam a2200133Ia 4500003000200000005001700002008004100019050002200060100002800082245012600110260008600236300003300322521002700355020250211105516.0140724s9999 xx 000 0 und d aTP 1 b.B614 2011 aBinos, Kurt Jason Bola. aComputerized student evaluation for instructors of Southville International School and Colleges /cKurt Jason Bola Binos. aLas Piñas, Philippines :bSouthville International School and Colleges,cc2011. a50 p. :bcol. ill. ;c28 cm. aInformation Technology